LEADER 01327cam0-2200397---450- 001 990005604270403321 005 20150910152209.0 035 $a000560427 035 $aFED01000560427 035 $a(Aleph)000560427FED01 035 $a000560427 100 $a19990604d1962----km-y0itay50------ba 101 1 $aita 102 $aIT 105 $ay-------001yy 200 1 $a<>Livellatori e la rivoluzione inglese$fH. N. Brailsford$ga cura di Christopher Hill$gtraduzione e introduzione di Bruno Maffi 210 $aMilano$cIl Saggiatore$d1962 215 $a2 v.$d21 cm 225 1 $a<>cultura$iStoria, critica, testi$v60. 454 0$1001000363192 610 0 $aRivoluzione puritana 610 0 $aInghilterra$aStoria$a1642-1660 676 $a942.062$v20 700 1$aBrailsford,$bHenry Noel$f<1873-1958>$0200215 702 1$aHill,$bChristopher$f<1912-2003> 702 1$aMaffi,$bBruno$f<1909-2003> 801 0$aIT$bUNINA$gRICA$2UNIMARC 901 $aBK 912 $a990005604270403321 952 $a942.062 BRA 1 (1)$bBibl.35983$fFLFBC 952 $a942.062 BRA 1 (2)$bBibl.35983$fFLFBC 952 $a942.062 BRA 1 (1 BIS)$bBIBL.2015/476$fFLFBC 952 $a942.062 BRA 1 (2 BIS)$bBIBL.2015/477$fFLFBC 959 $aFLFBC 996 $aLivellatori e la rivoluzione inglese$9608999 997 $aUNINA LEADER 01063nam a2200253 i 4500 001 991001343029707536 008 110729s2009 it 000 0 ita d 020 $a9788808072153 035 $ab13999540-39ule_inst 040 $aDip.to Studi Giuridici$bita 082 0 $a347.4509$222 245 10$aArbitrato, ADR conciliazione /$copera diretta da Mauro Rubino-Sammartano ; con la collaborazione di Andrea Atteritano ... [et al.] 260 $aBologna :$bZanichelli,$c2009 300 $axxvii, 1368 p. ;$c25 cm +$e1 CD-ROM 440 0$aDottrina casi sistemi ;$v11 504 $aBibliografia: p. 1309-1355 700 1 $aRubino-Sammartano, Mauro$eauthor$4http://id.loc.gov/vocabulary/relators/aut$0230659 700 1 $aAtteritano, Andrea 907 $a.b13999540$b28-01-14$c29-07-11 912 $a991001343029707536 945 $aLE027 347.09 RUB01.03$g1$i2027000312276$lle027$o-$pE202.50$q-$rl$s- $t0$u12$v7$w12$x0$y.i15347369$z16-11-11 996 $aArbitrato, ADR conciliazione$91441680 997 $aUNISALENTO 998 $ale027$b29-07-11$cm$da $e-$fita$git $h0$i0